Score 0/8 Timer 02:00
3 Plays Today
% Correct
And that's why you always leave a note
85.8%
And that's why you don't use a one-armed person to scare someone
85%
And that's why you don't teach your father a lesson
84.5%
And that's why you don't teach lessons to your son
80.3%
And that's why you don't pit GOB and Michael against each other
70.1%
And that's why you don't yell
69.7%
And that's why you don't leave the door open with the air conditioning on
52%
And that's why you don't take your foot out of its wrapper
25.7%

You're not logged in!

Compare scores with friends on all Sporcle quizzes.
OR
Log In

Sporcle TV

Today on Sporcle TV


Watch our educational content, quiz creation guides, and fun videos on Sporcle TV.

Show Comments

Extras

Top Quizzes Today


Score Distribution

Paid Content

Your Account Isn't Verified!

In order to create a playlist on Sporcle, you need to verify the email address you used during registration. Go to your Sporcle Settings to finish the process.

Report this User

Report this user for behavior that violates our Community Guidelines.

Details: